अधिगम के लिए आंकलन (Record no. 17151)
[ view plain ]
| 000 -LEADER | |
|---|---|
| fixed length control field | 00348nam a22001337a 4500 |
| 003 - CONTROL NUMBER IDENTIFIER | |
| control field | SGT |
| 020 ## - INTERNATIONAL STANDARD BOOK NUMBER | |
| International Standard Book Number | 978-9388669-06-1 |
| 082 ## - DEWEY DECIMAL CLASSIFICATION NUMBER | |
| Classification number | 370 |
| Item number | NAN |
| 100 ## - MAIN ENTRY--PERSONAL NAME | |
| Personal name | नंद्रा , डॉ. इन्दर |
| 245 ## - TITLE STATEMENT | |
| Title | अधिगम के लिए आंकलन |
| 260 ## - PUBLICATION, DISTRIBUTION, ETC. (IMPRINT) | |
| Place of publication, distribution, etc | PUNJAB |
| Name of publisher, distributor, etc | TWENTYFIRST PUB |
| Year of Publication | 2019 |
| 300 ## - PAGE DESCRIPTION | |
| No. of Pages | 324 |
| 942 ## - ADDED ENTRY ELEMENTS (KOHA) | |
| Source of classification or shelving scheme | Dewey Decimal Classification |
| Koha item type | Books |
| Withdrawn status | Lost status | Source of classification or shelving scheme | Damaged status | Not for loan | Collection code | Home library | Current library | Shelving location | Date acquired | Vendor Name | Cost, normal purchase price | SGTU | Bill Number | Total Checkouts | Full call number | Accession No. (Barcode) | Date last seen | Date last borrowed | Bill Date | Koha item type |
|---|---|---|---|---|---|---|---|---|---|---|---|---|---|---|---|---|---|---|---|---|
| Dewey Decimal Classification | EDUCATION | SGT Engineering Library | SGT Engineering Library | Text Book | 20/03/2019 | INDIAN | 370.00 | SGTU | 118 | 3 | 370 NAN | ED3396 | 07/05/2025 | 24/04/2025 | 28/02/2019 | Books | ||||
| Dewey Decimal Classification | EDUCATION | SGT Engineering Library | SGT Engineering Library | Text Book | 20/03/2019 | INDIAN | 370.00 | SGTU | 118 | 3 | 370 NAN | ED3397 | 13/05/2019 | 10/05/2019 | 28/02/2019 | Books | ||||
| Dewey Decimal Classification | EDUCATION | SGT Engineering Library | SGT Engineering Library | Text Book | 20/03/2019 | INDIAN | 370.00 | SGTU | 118 | 1 | 370 NAN | ED3398 | 04/04/2019 | 26/03/2019 | 28/02/2019 | Books | ||||
| Dewey Decimal Classification | EDUCATION | SGT Engineering Library | SGT Engineering Library | Text Book | 20/03/2019 | INDIAN | 370.00 | SGTU | 118 | 2 | 370 NAN | ED3399 | 13/05/2019 | 10/05/2019 | 28/02/2019 | Books | ||||
| Dewey Decimal Classification | EDUCATION | SGT Engineering Library | SGT Engineering Library | Text Book | 20/03/2019 | INDIAN | 370.00 | SGTU | 118 | 1 | 370 NAN | ED3400 | 12/05/2025 | 24/04/2025 | 28/02/2019 | Books |